Регионална библиотека "Любен Каравелов" - Русе

Туристическа политика (Запис номер 41538)

MARC детайли
000 -Лидер
Контролно поле с фиксирана дължина 01519nam a2200373 c 4500
003 - Код на организацията, давaща контролен номер
Контролно поле BLK
005 - Дата и час на последна редакция
Контролно поле 20180420221322.0
008 - Елементи от данни с фиксирана дължина
fixed length control field 180408b bul|||||r ||||||| ||bul||
010 ## - Наследен системен номер
LC control number KNG00045103000
020 ## - Международен стандартен номер на книга ISBN
Международен стандартен номер на книга ISBN 978-954-8401-84-5
-- издат.: Тракия-М
040 ## - Източник на каталожния запис
Идентификатор на билиотеката - собственик на записа BLK
041 ## - Код за език
Код за езика на текст/звукозапис или на отделно заглавие Български
Код за езика КДБФ Български
072 #7 - Код за тематичната категория
Код организация bullib
Код за тематична категория Н33
Текст Икономика Н
080 ## - УДК
Текстов определител УДК Туризмът от стопанско гледище. Политика по отношение на туризма. Икономика и организация на туризма. Вътрешен и международен туризъм. Вж и 379.8
УДК код - определител по УДК 338.48
УДК определител
УДК - код + определител 338.48
100 1# - Редна дума - Автор
Автор Рибов, Манол Николов
Авторска отговорност първи автор
R(LIN) 246062
139 ## - Редно поле
Редна дума Туристическа политика
Авторски знак Тург - Т 92
245 10 - Сведения за заглавието
Заглавие Туристическа политика
Редно поле (дума) Манол Николов Рибов.
257 ## - Страна на издаване
Страна на създаване/издаване България
260 ## - Област на издателските данни
-- София
Име на издателя, разпространителя и проч. Тракия-М
Година на издаване 2010
300 ## - Физическа характеристика
Страници 546 с.
Илюстрации и др. с табл., диагр.
Размери/Мащаб 26 см
380 ## - Жанр
Жанр Обществени науки
500 ## - Общи забележки
Забележка Библиогр. с. 541-546
650 #4 - Допълнително описание по предмет – тема
Основно описание – тема или топоним Туризъм - икономически проблеми
9 (RLIN) 246366
653 ## - Ключова дума – ненормативна
Ключова дума туризъм
653 ## - Ключова дума – ненормативна
Ключова дума икономическа политика
653 ## - Ключова дума – ненормативна
Ключова дума устойчиво развитие
653 ## - Ключова дума – ненормативна
Ключова дума управление
659 ## - Тематичен бюлетин
Тематичен бюлетин Н
852 ## - Местоположение
Форматна сигнатура Цб ІІ 17023
856 4# - Електронен адрес и достъп
Електронен формат pdf - файл
Път до файла /url/
856 4# - Електронен адрес и достъп
Електронен формат pdf - файл
Път до файла /url/
942 ## - АРТИКУЛИ
Вид на библиотечния материал Книги
Скрит в OPAC Не
944 ## - СЪЗДАВАНЕ И РЕДАКЦИЯ на ЗАПИСА
Създаване/Редакция Създаване
Дата на регистрацията/редакция 30.12.2011
Служител, извършил регистрацията/редакцията Виолета_Тройчева
944 ## - СЪЗДАВАНЕ И РЕДАКЦИЯ на ЗАПИСА
Създаване/Редакция Редакция
Дата на регистрацията/редакция 17.12.2012
Служител, извършил регистрацията/редакцията
999 ## - СИСТЕМНИ КОНТРОЛНИ НОМЕРА
Koha biblionumber 41538
Koha biblioitemnumber 41538
Наличности
Код за отписване Код за изгубен артикул Код за повреда Коз за рестрикции Код за отдаване Артикулен № Име на библиотеката - собственик Име на библиотеката, в която се намира в момента Статус (Текущо местоположение) Дата на вписване в системата Местоположение - отдел Цена в лева Инвентарен номер Систематично азбучна сигнатура Баркод Номер на екземпляра Цена в евро Служебна бележка Служебен тип на артикула
  Не е изгубен Не е повреден без рестрикции заемане за дома 65136 Регионална библиотека "Любен Каравелов" Русе Регионална библиотека "Любен Каравелов" Русе Заемна - подръчен фонд 2011-12-16 Заемна - подръчен фонд 26.00 120000755722 П 338.4/Т 92 120000755722 1 13.29 Дост: Pk Вид: Ф N: 251 Дата: 15.12.2011 Дата инв: 05.02.2018 Бележки инв: П2018 Книги
  Не е изгубен Не е повреден без рестрикции ползва се в читалня 65137 Регионална библиотека "Любен Каравелов" Русе Регионална библиотека "Любен Каравелов" Русе Читалня 2011-12-16 Читалня 26.00 120000755723 Ч 338.4/Т 92 120000755723 2 13.29 Дост: Pk Вид: Ф N: 251 Дата: 15.12.2011 Дата инв: 23.03.2017 Бележки инв: Ч2017 Книги
  Не е изгубен Не е повреден без рестрикции ползва се в читалня 65138 Регионална библиотека "Любен Каравелов" Русе Регионална библиотека "Любен Каравелов" Русе Хранилище 2012-12-17 Основен фонд - ползва се само за читалня 22.98 120000762578 Цб ІІ 17023 120000762578 3 11.75 Дост: Pk Вид: Ф N: 337 Дата: 10.12.2012 Книги
Vip Innovations Ltd, Rousse, Bulgaria 2025